Skip to main content
Your cart is empty.
Your lists
Log in to create your own lists
Your cookies
العربية
English
العربية
Home
Search
Advanced search
Authority search
About
The noble scholar, jurist, historian
His Excellency Dr. Abdul Wahhab bin Ibrahim Abu Sulaiman, may Allah have mercy on him.
He was born in Umm Al-Qura in the year 1356 AH.
Library catalog
Title
Author
Subject
ISBN
ISSN
Series
Call number
Log in to your account
×
Login:
Password:
Home
MARC view: دفاع عن السنة ورد شبه المستشرقين والكتاب المعاصرين وبيان الشبه الواردة على السنة قديما وحديثا وردها ردا علميا صحيحا /
Normal view
MARC view
ISBD view
دفاع عن السنة ورد شبه المستشرقين والكتاب المعاصرين وبيان الشبه الواردة على السنة قديما وحديثا وردها ردا علميا صحيحا / (Record no. 14117)
[
view plain
]
MARC details
000 -LEADER
fixed length control field
01518cam a22002891i 4500
003 - CONTROL NUMBER IDENTIFIER
control field
SA-RiAUC
005 - DATE AND TIME OF LATEST TRANSACTION
control field
20260123122952.0
008 - FIXED-LENGTH DATA ELEMENTS--GENERAL INFORMATION
fixed length control field
260119s1989 ua g 000 0 ara c
040 ## - CATALOGING SOURCE
Original cataloging agency
SA-JeALM
Language of cataloging
ara
Transcribing agency
SA-RiAUC
Description conventions
rda
082 04 - DEWEY DECIMAL CLASSIFICATION NUMBER
Classification number
216.3
Assigning agency
SA-RiAUC
090 ## - LOCALLY ASSIGNED LC-TYPE CALL NUMBER (OCLC); LOCAL CALL NUMBER (RLIN)
Classification number (OCLC) (R) ; Classification number, CALL (RLIN) (NR)
216.3
Local cutter number (OCLC) ; Book number/undivided call number, CALL (RLIN)
ا ب و ش
100 1# - MAIN ENTRY--PERSONAL NAME
Personal name
أبو شهبة، محمد بن محمد،
Dates associated with a name
1914-1983
Relator term
مؤلف.
245 10 - TITLE STATEMENT
Title
دفاع عن السنة ورد شبه المستشرقين والكتاب المعاصرين وبيان الشبه الواردة على السنة قديما وحديثا وردها ردا علميا صحيحا /
Statement of responsibility, etc.
محمد بن محمد أبو شهبة ؛ مقدمة أبي حذيفة شرف حجازي. ويليه الرد على من ينكر حجية السنة / عبد الغني عبد الخالق.
250 ## - EDITION STATEMENT
Edition statement
الطبعة الأولى.
264 #1 - PRODUCTION, PUBLICATION, DISTRIBUTION, MANUFACTURE, AND COPYRIGHT NOTICE
Place of production, publication, distribution, manufacture
القاهرة :
Name of producer, publisher, distributor, manufacturer
مكتبة السنة ،
Date of production, publication, distribution, manufacture, or copyright notice
1989
300 ## - PHYSICAL DESCRIPTION
Extent
510 صفحة ؛
Dimensions
24 سم
336 ## - CONTENT TYPE
Content type term
نص
Content type code
txt
Source
rdacontent
Materials specified
كتاب
337 ## - MEDIA TYPE
Media type term
بدون وسيط
Media type code
n
Source
rdamedia
650 #7 - SUBJECT ADDED ENTRY--TOPICAL TERM
Topical term or geographic name entry element
السنة
General subdivision
دفع مطاعن
Source of heading or term
aucsh
650 #7 - SUBJECT ADDED ENTRY--TOPICAL TERM
Topical term or geographic name entry element
الحديث
General subdivision
دفع مطاعن
Source of heading or term
aucsh
650 #7 - SUBJECT ADDED ENTRY--TOPICAL TERM
Topical term or geographic name entry element
الاستشراق والمستشرقون
Source of heading or term
aucsh
700 1# - ADDED ENTRY--PERSONAL NAME
Personal name
حجازي، أبو حذيفة شرف
Relator term
مقدم.
700 12 - ADDED ENTRY--PERSONAL NAME
Relationship information
مع :
Personal name
عبد الخالق، عبد الغني محمد،
Dates associated with a name
1908-1983.
Title of a work
الرد على من ينكر حجية السنة
942 ## - ADDED ENTRY ELEMENTS (KOHA)
Source of classification or shelving scheme
Dewey Decimal Classification
Koha item type
Books
Suppress in OPAC
No
949 ## - LOCAL PROCESSING INFORMATION (OCLC)
a
SA-JeALM
d
260119
u
osman123
n
1
Holdings
Withdrawn status
Lost status
Source of classification or shelving scheme
Damaged status
Not for loan
Home library
Current library
Date acquired
Total checkouts
Full call number
Barcode
Date last seen
Price effective from
Koha item type
Dewey Decimal Classification
DR AbdElwahab Library
DR AbdElwahab Library
01/23/2026
216.3 ا ب و ش
000022551
01/23/2026
01/23/2026
Books
Place hold
Print
Add to your cart
(remove)
Save record
BIBTEX
Dublin Core
MARCXML
MARC (non-Unicode/MARC-8)
MARC (Unicode/UTF-8)
MARC (Unicode/UTF-8, Standard)
MODS (XML)
RIS
ISBD
More searches
Search for this title in:
Other Libraries (WorldCat)
Other Databases (Google Scholar)
Online Stores (Bookfinder.com)
Open Library (openlibrary.org)
Exporting to Dublin Core...
×
Simple DC-RDF
OAI-DC
SRW-DC